000 00483nam a2200181Ia 4500
005 20250508160029.0
008 008 250505s9999 xx 000 0 eng d
037 _aTextual
040 _aFEDL
_beng
_cFEDL
041 _aeng
_2eng
084 _a379.512 5, HON
_qFEDL
245 0 _aReport of the director of education for the year 1919
245 0 _cHongkong
260 _c1920
300 _a27p
942 _cTEXL
_h379.512 5, HON
999 _c1361214
_d1361214